000 00879nam a2200217 a 4500
001 000006251
005 20200929153915.0
008 090827s1958 dr 001 0 spa d
040 _aDO-SdBNP
_bspa
_cBNPHU
082 _a345.729305
_bG615c
100 1 _aGoico, Héctor Barón
_917460
245 1 0 _aCódigos dominicanos anotados :
_bprocedimiento penal y civil y leyes complementarias para los juzgados de paz /
_cHéctor Barón Goico.
260 _aCiudad Trujillo, República Dominicana :
_b[s.n.],
_c1958.
300 _a104 p. ;
_c22 cm.
650 4 _aDerecho penal
_xLegislación
_zRepública Dominicana
_916570
650 4 _aDerecho civil
_xLegislación
_zRepública Dominicana
_96943
650 4 _aProcedimiento penal
_xLegislación
_zRepública Dominicana
_916571
650 4 _aLeyes
_zRepública Dominicana
_93033
910 _aValidado. Control de calidad EMS.
049 _aBNPD
999 _c6046
_d6046